000 00478nam a2200205Ia 4500
005 20250425161735.0
008 250425s9999 xx 000 0 und d
020 _a9978800956
041 _aspa
082 _a861.69866
100 _aGRANDA, EULER
245 0 _aUN PERRO TOCANDO LA LIRA Y OTROS POEMAS
250 _a1A ED.
260 _aEcuador
_bLIBRESA
_c1990
260 _aQUITO
300 _a279
650 _aPOESIA ECUATORIANA
942 _c01
010 _a27045
999 _c215147
_d215147